000 00973nam a22003017a 4500
003 CHAP
005 20220329135515.0
008 971013s1960 r 00010 d
010 _a37734
011 _a38706
035 _a42826
040 _cCHAP
090 _aFolleto 1006
100 0 0 _aMidoro, Tatsuo.
_975556
245 _aMarketing of agricultura products in Japan
260 _aTokyo :
_bAgriculture Forestry and Fisheries Productivity Conference,
_c1960
300 _a102 p
490 _aAgricultural development series
_v; 14
590 _aBATCH-UPD
_b10
_c20130110
_lUCH01
_h2127
590 _aBATCH-UPD
_b10
_c20130410
_lUCH01
_h1437
590 _aBATCH-UPD
_b10
_c20130914
_lUCH01
_h1939
590 _aCONVERSION
_b10
_c20130109
_lUCH01
_h1321
650 1 4 _aProductos agrícolas
_xMercadeo
_xJapón.
_991975
830 0 _aAgricultural development series
_v; 14
_92086
901 _aBK
942 _cFOLL
949 _aFolleto 1006
_bBC
_cFOLL
_d-98458
_eTS1
_i42826
_si
999 _c37734
_d37734